000 00522nam a22001937a 4500
003 Ost
005 20250718094132.0
008 250718b |||||||| |||| 00| 0 eng d
020 _a9780367200176
040 _cBT-PhCST
050 _a25457-25458
082 _222
_a658.7
_bSTA
100 _aStahel, Walter R.
245 _aThe circular economy :
_ba user's guide /
260 _aNew York :
_bTaylor and Francis Group,
_cc2019.
300 _axv, 102 p. :
_bill. ;
_c23 cm.
500 _aIncludes Index.
942 _2ddc
_cMAG
999 _c10047
_d10047